000 00357nam a2200133Ia 4500
008 151001s9999||||xx |||||||||||||| ||und||
100 _aप्रफुल्ल दत्त
245 _aबिल्वदले
250 _a1
260 _bप्रसाद प्रकाशन मुंबई
260 _c1972
300 _a184
365 _b21
999 _c956200
_d956197